00703 2200217 4500001002100000005001700021008004100038035002400079040001200103082001300115090001900128100003500147245011300182260008200295300003000377650003000407850001200437990001200449990001200461990001200473YOGYA-0512000000047920120520220817.0 ind  0010-051200000000479 aYOPDYOG a899.2113 a899.2113 Mar T aMARAPI, Mangaraja Gunung Sorik aTuri-turian ni raja gorga di langit dohot raja suasa di Portibicdisadur oleh, Mangaraja Gunung Sorik Marapi aJakartabProyek Penerbitan Buku Bacaan dan Sastra Indonesia dan Daerahc1979. a148 hlm.c20 cm. (3 eks.) aKesusastraan Batak-cerita aYOPDYOG a59560-a a37219-a a37220-a